1232 1568 1841 1939 1517 1807 1976 1488 1399 1936 1661 1683 1953 1107 1828 1147 1479 1974 1009 1346 1324 1699 1479 1654 1580 1139 1790 1737 1107 1972 1078 1995 1835 1876 1881 1370 1375 1504 1255 1732 1748 1075 1694 1278 1657 1736 1369 1293 1698 1047 1391 1784 1485 1621 1446 1575 1223 1730 1463 1718 1258 1857 1183 1831 1318 1461 1294 1476 1533 1520 1450 1171 1746 1590 1910 1329 1762 1796 1334 1827 1504 1362 1532 1579 1936 1042 1193 1058 1115 1147 1958 1193 1662 1664 1616 1650 1778 1920 1850 BCNSPRNW ULIB Ver.6.0+V

เปลี่ยนเป็นภาษาไทย

Change to English
 แสดงรายละเอียดบรรณานุกรม
  กลับหน้าหลัก

Brief Record : Get Marc (ISO 2709) : E-mail record : QR code < ปิดหน้าต่าง
LEADER : 00000nam 2200000uu 4500
001    13399127206
003     ULIB
008    191021s2562||||th 000 0 tha d
016    ^a18055
020    ^a9786165108171 :^c415 บาท
060    ^aWS113^bช521ห
100  1 ^aชาน, แอกเนส
245  1 ^a50 วิธีสอนลูกทั้งสามเข้าเรียนสแตนฟอร์ด /^cแอกเนส ชาน เขียน ; เกวลิน ลิขิตวิทยาวุฒิ แปล
260    ^aกรุงเทพฯ :^bประพันธ์สาส์น,^c2562
300    ^a237 หน้า
650    ^aเด็ก^xการดูแล
650    ^aเด็ก^xการเลี้ยงดู
650    ^aจิตวิทยาเด็ก
650    ^aจิตวิทยาวัยรุ่น
700  0 ^aเกวลิน ลิขิตวิทยาวุฒิ,^eผู้แปล
945    ^p415^l0^i006370
999    ^aประนอม เกษจรัล
รายการนี้ยังไม่มีแท็ก
คุณยังไม่ได้ล็อกอิน คุณสามารถมีกิจกรรมร่วมกับเว็บไซต์ได้ แต่ต้องล็อกอินก่อน ::
  ล็อกอิน

รายการสื่อสารสนเทศ

ลำดับที่ ประเภท เลขเรียก/บาร์โค้ด สถานที่ สถานะ
1. วิทยาศาสตร์การแพทย์ และสุขภาพ
วิทยาศาสตร์การแพทย์ และสุขภาพ
WS113 ช521ห ฉ.1 
  Barcode: 006370
ห้องสมุดวิทยาเขตสวรรค์ประชารักษ์
►หนังสือทั่วไป
บนชั้น

รายการใกล้เคียง
    หัวเรื่อง [เด็ก การดูแล]
    หัวเรื่อง [จิตวิทยาเด็ก]
    หัวเรื่อง [จิตวิทยาวัยรุ่น]

BibComment


ยังไม่เคยถูกคอมเมนท์

คอมเมนท์ทรัพยากรรายการนี้
  คอมเมนท์: 50 วิธีสอนลูกทั้..


 Copyright 2026. Bcnsprnw @Library